Katastralgemeinden von St. Pölten auf einer Karte - Statistiken

Allgemein
  • Dieses Quiz wurde 34 mal gespielt
  • Das Durchschnittsergebnis liegt bei 18 aus 42
Antworten auf der Karte
Die Antworten werden auf der Karte rot bzw. grün angezeigt, abhängig davon wie oft sie richtig erraten wurden.
 
Antwortstatistiken
Einwohner Katastralgemeinde % Korrekt
6.790 Spratzern
94%
490 Oberradlberg
89%
2.519 Pottenbrunn
89%
1.681 Ratzersdorf an der Traisen
89%
1.872 Stattersdorf
89%
22.550 St. Pölten
89%
839 Unterradlberg
89%
1.576 Harland
78%
397 St. Georgen am Steinfelde
78%
4.576 Viehofen
78%
4.168 Oberwagram
72%
2.313 Unterwagram
72%
519 Teufelhof
56%
326 Ochsenburg
44%
44 Pengersdorf
44%
64 Wörth
44%
67 Oberzwischenbrunn
39%
844 Ragelsdorf
39%
34 Unterzwischenbrunn
39%
59 Zwerndorf
39%
1.349 Hart
33%
141 Völtendorf
33%
342 Waitzendorf
33%
73 Wasserburg
33%
68 Witzendorf
33%
33 Hafing
28%
72 Nadelbach
28%
30 Schwadorf
28%
102 Pummersdorf
22%
117 Steinfeld
22%
177 Weitern
22%
130 Altmannsdorf
17%
22 Kreisberg
17%
16 Wolfenberg
17%
17 Dörfl bei Ochsenburg
11%
1.230 Eggendorf
11%
85 Ganzendorf
11%
26 Matzersdorf
11%
532 Mühlgang
11%
55 Windpassing
11%
3 Reitzersdorf
6%
12 Wetzersdorf
6%
Keine übereinstimmenden Quizze gefunden
Verteilung der Resultate
Anzahl Personen mit jedem Resultat
Perzentil nach korrekt beantworteten Fragen
Ihre Resultats-Entwicklung
Sie haben dieses Quiz noch nicht gespielt